Normale Ansicht MARC-Ansicht ISBD

Belorusskaja Central'naja Rada: sozdanie, dejatel'nost, krach (Titelsatznr. 29280)

[ MARC ]
MARC-Details
000 -Satzkennung
Kontrollfeld mit fester Länge 00701nam a22002411c 4500
001 - Kontrollnummer
Kontrollfeld a987696118
008 - Feld mit fester Länge zur physischen Beschreibung - Allgemeine Angaben
Kontrollfeld mit fester Länge 191118s1995 gw |||| 000u rus d
020 ## - Internationale Standardbuchnummer
Internationale Standardbuchnummer 5343017436
Verknüpfung 5-343-01743-6
041 ## - Sprachcode
Sprachcode des Textes/der Tonspur oder des separaten Titels rus
040 ## - Katalogisierungsquelle
Übertragungsstelle RU-10907106
003 - Kontrollnummer Identifier
Kontrollfeld RU-10907106
100 1# - Haupteintragung - Personenname
Personenname Solov'ev, Aleksej Konstantinovič
245 00 - Titel
Titel Belorusskaja Central'naja Rada: sozdanie, dejatel'nost, krach
250 ## - Ausgabebezeichnung
Ausgabebezeichnung Naučnoe izdanie
264 ## - Produktion, Veröffentlichung, Distribution, Herstellung und Urheberrechtsvermerk
Herstellungs-, Veröffentlichungs- Vertriebs-, Erzeugungsort Minsk :
Produzent, Herausgeber, Distributor, Hersteller Navuka i technika,
Datum der Herstellung, der Veröffentlichung, des Vertriebs oder des Urheberschutzvermerks 1995
300 ## - Physische Beschreibung
Umfang 174 Seiten
610 #0 - Nebeneintragung unter einem Schlagwort - Körperschaftsname
Körperschafts- oder Gebietskörperschaftsname als Eintragungselement Byelorussian Central Council
650 #0 - Nebeneintragung unter einem Schlagwort - Sachschlagwort
Sachschlagwort oder geografischer Name als Eintragungselement Weltkrieg <1939-1945>
650 #0 - Nebeneintragung unter einem Schlagwort - Sachschlagwort
Sachschlagwort oder geografischer Name als Eintragungselement Besatzungsbehörde
651 #0 - Nebeneintragung unter einem Schlagwort - Geografischer Name
Geografischer Name Weißrussische SSR
700 1# - Nebeneintragung - Personenname
Personenname Simonov, S. M.
Funktionsbezeichnung HerausgeberIn
942 ## - Zusätzliche Felder (Koha)
Koha-Medientyp Monographien
Exemplare
Ausgeschieden Verloren Klassifikation oder Aufstellungssystematik Beschädigt Nicht entleihbar Heimatbibliothek Aufenthaltsbibliothek Aufstellungsort Erwerbungsdatum Inventarnummer Signatur Barcode Letzte Aktivität Preis gültig von Koha-Medientyp
    Andere/Generische Klassifikation     MWN Osteuropa MWN Osteuropa Magazin - 2 18/11/2019 20-01090 R 63 rg Sol E00401080A931359 16/03/2021 22/03/2021 Monographien